000
00300nam a2200121 a 4500
008
101022s1970|||| d
100
1
_a
Lavreňov, Boris
245
1
0
_a
Smrť generála Adamova
260
_b
Slovenský spisovateľ
_a
Bratislava
_c
1970
020
_c
13
041
_a
slo
044
_a
xo
_c
SK
999
_c
12013
_d
12013